000 00767nam a22002777a 4500
001 0145
003 DO-SdBPM
005 20250603120427.0
007 0145
008 161202b2006 sp a| 0 spa d
020 _a9972625982
040 _aBPMSU
_bspa
_cBPMSU
082 4 _a808.83
_bC965i 2006
_222
245 0 0 _aCuentos inolvidables
260 _aBarcelona:
_bLexus Editores,
_c2006
300 _a195 p. :
_bils. ;
_c32 cm.
500 _a
590 _aInventariado, 2025/VM
650 4 _aCuentos infantiles
_vColecciones
650 4 _aPrincesas
_vCuentos infantiles
650 4 _aAnimales
_vCuentos infantiles
650 4 _aLibros ilustrados para niƱos
710 2 _aLexus Editores
910 _aVMateo V. Control de calidad. BPMSU
942 _2ddc
_cBK
999 _c12214
_d12214